000 01069nam a22003377a 4500
003 CHAP
005 20220329143549.0
008 100602s2002 mx r 00010 spa d
010 _a98588
011 _a99560
020 _a968-884-852-2
020 _a9688847690
035 _a110246
040 _cCHAP
090 _aFolleto 17705
100 1 _aMorales, Cira Aide
_978457
245 1 0 _aPalabras que no se tocan
_c/por Cira Aidé Morales
260 _aChapingo, Méx. :
_bUACH. Departamento de Sociología Rural,
_c2002
300 _a38 p.
490 0 _aLecturas mínimas.
_pSerie poesía
_v; 5
590 _aBATCH-UPD
_b10
_c20130110
_lUCH01
_h1901
590 _aBATCH-UPD
_b10
_c20130410
_lUCH01
_h1228
590 _aBATCH-UPD
_b10
_c20130914
_lUCH01
_h1727
590 _aCONVERSION
_b10
_c20130109
_lUCH01
_h1354
650 1 4 _aLiteratura mexicana.
_967138
650 1 4 _aPoesía mexicana.
_990146
830 0 _aLecturas mínimas.
_pSerie poesía
_v; 5
_965513
901 _aBK
942 _cFOLL
949 _aFolleto 17705
_bBC
_cUACH
_d33724002178983
_eUACH
_i110246
_sb
999 _c98588
_d98588